Drugie największe miasto w Europie - Statystyki

Ogólne statystyki
  • Ten quiz został rozwiązany 447 razy
  • Średni wynik to 17 z 45
Statystyki odpowiedzi
Kraj Drugie miasto % Poprawnych
Polska Kraków
95%
Hiszpania Barcelona
88%
Rosja Petersburg
81%
Portugalia Porto
80%
Wlochy Mediolan
76%
Francja Marsylia
75%
Niemcy Hamburg
74%
Holandia Rotterdam
72%
Grecja Saloniki
64%
Watykan Watykan
63%
Czechy Brno
61%
Ukraina Charków
61%
Litwa Kowno
61%
Monako Monako / Monte Carlo
55%
Wielka Brytania Birmingham
53%
Chorwacja Split
51%
Belgia Antwerpia
48%
Irlandia Cork
44%
Szwajcaria Genewa
43%
Szwecja Göteborg
42%
Slowacja Koszyce
42%
Austria Graz
39%
Norwegia Bergen
36%
Serbia Nowy Sad
34%
Liechtenstein Vaduz
34%
Bialorus Homel
24%
Slowenia Maribor
23%
Dania Aarhus
22%
Moldawia Tyraspol
21%
Wegry Debreczyn
19%
Rumunia Kluż-Napoka
19%
Bulgaria Płowdiw
19%
Albania Durrës
17%
Lotwa Dyneburg
15%
Bosnia i Hercegowina Banja Luka
12%
Estonia Tartu
12%
Finlandia Espoo
11%
Malta Mosta
10%
Macedonia Północna Bitola
6%
Kosowo Prizren
6%
Luksemburg Esch-sur-Alzette
4%
Islandia Kópavogur
4%
Czarnogóra Nikšić
3%
Andora Escaldes-Engordany
1%
San Marino Borgo Maggiore
0%
Nie znaleziono quizów pasujących do podanych kryteriów
Rozkład punktacji
Procent ludzi z każdym wynikiem
Percentyl według liczby udzielonych odpowiedzi
Twoja historia wyników
Nie rozwiązałeś tego quizu